000 00828nas a2200253 4500
001 BR9804732
003 BR-BrBNA
005 20231205101116.0
007 ta
008 230509b bl.|||p| |||| 00| 00por d
040 _aBR-BrBNA
_bpor
_cBiblioteca Nacional de Agricultura
041 _a(Pt)
072 _aL51
100 1 _aBranco, J.O.
100 1 _aVerani, J.R.
245 1 _aDinamica da alimentacao natural de Callinectes danae Smith (Decapoda, Portunidae)na Lagoa da Conceicao, Florianopolis, Santa Catarina, Brasil
650 _aSiri
650 _aNutricao Animal
650 _aHabito Alimentar
650 _aSanta Catarina
773 0 _tRevista Brasileira de Zoologia (Brazil)
_xISSN 0101-8175
_g(Dec 1997), v. 14(4) p. 1003-1018
_wBR9804732
909 _a202311
_bLúcia
_c55
_dLúcia Elande
942 _2AGRIS
_n0
_cANA
999 _c159782
_d159782